Behavior and evolution /

Bibliographic Details
Main Author: Roe, Anne, 1904-1991
Other Authors: Simpson, George Gaylord, 1902-1984
Format: Book
Language:English
Published: New Haven : Yale University Press, 1958.
Subjects:

MARC

Tag First Indicator Second Indicator Subfields
LEADER 00000cam a22000001 4500
001 in00000272721
005 20151010070705.0
008 730220s1958 ctua b 00010 eng d
010 |a  58011260  
035 |a (OCoLC)00191989 
035 |9 ABE5976AM 
040 |a DLC  |c DLC  |d TXA  |d UtOrBLW 
049 |a TXAM  |c 1 [634680]  |c 2 [302968] 
050 0 0 |a BF181  |b .R63 
100 1 |a Roe, Anne,  |d 1904-1991. 
245 1 0 |a Behavior and evolution /  |c edited by Anne Roe and George Gaylord Simpson. 
264 1 |a New Haven :  |b Yale University Press,  |c 1958. 
300 |a viii, 557 pages :  |b illustrations 
336 |a text  |b txt  |2 rdacontent 
337 |a unmediated  |b n  |2 rdamedia 
338 |a volume  |b nc  |2 rdacarrier 
500 |a Revision of papers presented at the 1955 and 1956 conferences sponsored by the American Psychological Association and the Society for the Study of Evolution. 
504 |a Includes bibliographies. 
650 0 |a Psychophysiology. 
650 0 |a Human behavior. 
650 0 |a Evolution. 
700 1 |a Simpson, George Gaylord,  |d 1902-1984. 
999 |a MARS 
999 f f |s 5d8a4c1a-0b35-3142-a49d-6f8addc13680  |i 66a47e2f-909f-34d3-bc08-0608127a5d09  |t 0 
952 f f |p ric  |a Texas A&M University  |b Rellis Campus  |c Joint Library Facility  |d Remote Storage  |t 0  |e BF181 .R63  |h Library of Congress classification  |i unmediated -- volume  |m A14801667991 
998 f f |a BF181 .R63  |t 0  |l Remote Storage